Demograficzne warunkowania sredniookresowego rozwoju Polski.
Referát na vedeckej konferencii vo Varšave v r. 1992. Značný pokles prírastku obyvateľstva po desaťročiach jeho dynamického rastu. Prirodzený pohyb obyvateľstva podľa pesimistickej a optimistickej prognózy. Počet mladej populácie podľa veku. Prírastok obyvateľov a počet práceschopných osôb. Celospol...
Salvato in:
| Autore principale: | |
|---|---|
| Natura: | Capitolo di libro |
| Lingua: | polacco |
| Soggetti: | |
| Tags: |
Nessun Tag, puoi essere il primo ad aggiungerne!!
|
MARC
| LEADER | 00000naa a2200000 4500 | ||
|---|---|---|---|
| 001 | r011293 | ||
| 005 | 20221125122816.8 | ||
| 041 | 0 | |a pol | |
| 044 | |a PL | ||
| 245 | 1 | 0 | |a Demograficzne warunkowania sredniookresowego rozwoju Polski. |c Z. Czyzowska |
| 520 | |a Referát na vedeckej konferencii vo Varšave v r. 1992. Značný pokles prírastku obyvateľstva po desaťročiach jeho dynamického rastu. Prirodzený pohyb obyvateľstva podľa pesimistickej a optimistickej prognózy. Počet mladej populácie podľa veku. Prírastok obyvateľov a počet práceschopných osôb. Celospoločenské populačné problémy. Sociálna štruktúra obyvateľstva. Demografická situácia na začiatku 90. rokov. | ||
| 610 | 2 | 0 | |a demografia |
| 610 | 2 | 0 | |a prírastok obyvateľstva |
| 610 | 2 | 0 | |a politika populačná |
| 610 | 2 | 0 | |a pohyb obyvateľstva |
| 610 | 2 | 0 | |a štruktúra obyvateľstva |
| 610 | 2 | 0 | |a konferencie |
| 610 | 2 | 0 | |a Varšava |
| 610 | 2 | 0 | |a 1992 |
| 610 | 2 | 0 | |a PR |
| 100 | 1 | |a Czyzowska, Z. | |